000
00280nam a2200121 a 4500
008
101208s1965|||| d
100
1
_a
Sivko, V.-Brabec, J.
245
1
0
_a
Černobílé roky
260
_b
Mladá fronta
_a
Praha
_c
1965
020
_c
10
041
_a
ces
044
_a
CZ
999
_c
13904
_d
13904